[Event "Santiago Endesa 08"]
[Site "Santiago de Chile"]
[Date "2010.06.16"]
[Round "5"]
[White "Ahumada Parra, Cristian"]
[Black "Abiuso, Diego"]
[Result "0-1"]
[WhiteElo "2045"]
[BlackElo "2065"]
[PlyCount "64"]
[EventDate "2010.06.07"]
[EventType "tourn"]
[EventRounds "11"]
[EventCountry "CHI"]
[SourceTitle "EXT 2012"]
[Source "ChessBase"]
[SourceDate "2011.11.24"]
[SourceVersion "1"]
[SourceVersionDate "2011.11.24"]
[SourceQuality "1"]

1. e4 e5 2. Nf3 Nc6 3. Bc4 Nf6 4. Qe2 Be7 5. Nc3 d6 6. 0-0 0-0 7. h3 a6 8. Rd1 Nd4 9. Nxd4 exd4 10. Nd5 Nxd5 11. Bxd5 c6 12. Bb3 Bf6 13. d3 a5 14. a4 Be6 15. Ra3 Be7 16. Bd2 Kh8 17. Rf1 Qd7 18. f4 f5 19. Bxe6 Qxe6 20. Rb3 b5 21. axb5 a4 22. Ra3 d5 23. Raa1 dxe4 24. dxe4 fxe4 25. c3 c5 26. Rae1 e3 27. Rf3 Qb3 28. Bc1 Bd6 29. Qd3 Rad8 30. Bxe3 dxe3 31. Rfxe3 Bxf4 32. Qxd8 Bxe3+ 0-1

[Event "Santiago Endesa 04"]
[Site "Santiago de Chile"]
[Date "2010.05.24"]
[Round "9"]
[White "Abiuso, Diego"]
[Black "Tobosque Romero, Marco Antonio"]
[Result "0-1"]
[WhiteElo "2065"]
[BlackElo "1675"]
[PlyCount "84"]
[EventDate "2010.05.03"]
[EventType "tourn"]
[EventRounds "11"]
[EventCountry "CHI"]
[SourceTitle "EXT 2012"]
[Source "ChessBase"]
[SourceDate "2011.11.24"]
[SourceVersion "1"]
[SourceVersionDate "2011.11.24"]
[SourceQuality "1"]

1. e4 c5 2. Nf3 d6 3. d4 cxd4 4. Nxd4 Nc6 5. Nxc6 bxc6 6. Be2 Nf6 7. Nc3 g6 8. 0-0 Bg7 9. Be3 0-0 10. f4 h5 11. f5 d5 12. e5 Ng4 13. Bxg4 hxg4 14. fxg6 fxg6 15. Bd4 Bf5 16. Qd2 e6 17. Rae1 Qc7 18. Bc5 Bxe5 19. Bxf8 Bxh2+ 20. Kh1 Rxf8 21. Qh6 Be5 22. Rxf5 Rxf5 23. Qxg6+ Kh8 24. Qh6+ Qh7 25. Qxh7+ Kxh7 26. g3 Bxc3 27. bxc3 e5 28. Kg2 Kg6 29. Re3 Kf6 30. c4 e4 31. Ra3 Rf3 32. Rxa7 Rc3 33. cxd5 Rxc2+ 34. Kf1 cxd5 35. a4 d4 36. Rd7 d3 37. a5 Ra2 38. Rd6+ Ke5 39. Rg6 Kd4 40. Rxg4 Rxa5 41. Rg8 Kc3 42. g4 d2 0-1

[Event "Santiago Endesa 04"]
[Site "Santiago de Chile"]
[Date "2010.05.12"]
[Round "5"]
[White "Gaete Zuniga, Manuel"]
[Black "Abiuso, Diego"]
[Result "1-0"]
[WhiteElo "1966"]
[BlackElo "2065"]
[PlyCount "90"]
[EventDate "2010.05.03"]
[EventType "tourn"]
[EventRounds "11"]
[EventCountry "CHI"]
[SourceTitle "EXT 2012"]
[Source "ChessBase"]
[SourceDate "2011.11.24"]
[SourceVersion "1"]
[SourceVersionDate "2011.11.24"]
[SourceQuality "1"]

1. e4 c5 2. c3 d5 3. exd5 Qxd5 4. d4 cxd4 5. cxd4 e6 6. Nc3 Qd8 7. Nf3 Nf6 8. Bd3 Be7 9. 0-0 0-0 10. Re1 Nc6 11. h3 b6 12. Be3 Bb7 13. Qe2 Nd5 14. Rad1 Nxe3 15. fxe3 f5 16. Bc4 Qc8 17. e4 Na5 18. Bd3 f4 19. a3 Qd8 20. b4 Rc8 21. Na2 Nc6 22. Bc4 Qd6 23. e5 Qd7 24. d5 Nb8 25. Bb5 Qd8 26. dxe6 Bxf3 27. Qxf3 Qc7 28. Rc1 Qd8 29. Rcd1 Qc7 30. Bd7 Nxd7 31. exd7 Rcd8 32. Qd5+ Kh8 33. e6 Qc2 34. Rd2 Qg6 35. Qf3 Rf5 36. Nc3 Rf6 37. Rde2 Rf5 38. Nd5 Qg5 39. Nxe7 Qxe7 40. Rc1 Rff8 41. Rc7 a5 42. bxa5 bxa5 43. Ra7 Qc5+ 44. Qf2 Qe7 45. Rxa5 Rf6 1-0

[Event "Santiago Endesa 04"]
[Site "Santiago de Chile"]
[Date "2010.05.07"]
[Round "3"]
[White "Henriquez Villagra, Oscar"]
[Black "Abiuso, Diego"]
[Result "0-1"]
[WhiteElo "1935"]
[BlackElo "2065"]
[PlyCount "86"]
[EventDate "2010.05.03"]
[EventType "tourn"]
[EventRounds "11"]
[EventCountry "CHI"]
[SourceTitle "EXT 2012"]
[Source "ChessBase"]
[SourceDate "2011.11.24"]
[SourceVersion "1"]
[SourceVersionDate "2011.11.24"]
[SourceQuality "1"]

1. d4 Nf6 2. c4 c5 3. d5 e6 4. Nc3 exd5 5. Nxd5 Nxd5 6. Qxd5 Be7 7. Nf3 Nc6 8. a3 d6 9. e3 Be6 10. Qd1 0-0 11. Bd3 Ne5 12. Nxe5 dxe5 13. e4 Qd4 14. Qc2 Rad8 15. Be2 f5 16. Be3 Qd7 17. Bf3 f4 18. Bd2 Qd4 19. Be2 Bh4 20. Rf1 Qd7 21. 0-0-0 Qc6 22. Bc3 Bf6 23. Rxd8 Rxd8 24. f3 a6 25. Rd1 Rb8 26. Qd2 Rd8 27. Qxd8+ Bxd8 28. Rxd8+ Kf7 29. Bxe5 g5 30. Rd6 Qa4 31. Rb6 Bxc4 32. Bd1 Qd7 33. Rf6+ Kg8 34. Bd6 Be6 35. e5 c4 36. Bc2 b5 37. Be4 Qc8 38. Kd2 c3+ 39. bxc3 Qc4 40. Rf8+ Kg7 41. Ra8 Qa2+ 42. Kd3 Bc4+ 43. Kd4 Qf2# 0-1

[Event "Santiago Endesa 04"]
[Site "Santiago de Chile"]
[Date "2010.05.05"]
[Round "2"]
[White "Abiuso, Diego"]
[Black "Moya Esparza, Ignacio"]
[Result "1/2-1/2"]
[WhiteElo "2065"]
[BlackElo "1997"]
[PlyCount "53"]
[EventDate "2010.05.03"]
[EventType "tourn"]
[EventRounds "11"]
[EventCountry "CHI"]
[SourceTitle "EXT 2012"]
[Source "ChessBase"]
[SourceDate "2011.11.24"]
[SourceVersion "1"]
[SourceVersionDate "2011.11.24"]
[SourceQuality "1"]

1. e4 c6 2. Nc3 d5 3. Nf3 dxe4 4. Nxe4 Bf5 5. Ng3 Bg6 6. Ne5 e6 7. Nxg6 hxg6 8. Bc4 Bd6 9. d3 Nf6 10. Qf3 Nbd7 11. d4 Nb6 12. Bb3 Bxg3 13. Qxg3 Qxd4 14. 0-0 Nbd5 15. c4 Nh5 16. Qg5 Ndf4 17. Rd1 Qe4 18. f3 Qf5 19. Qxf5 gxf5 20. Be3 e5 21. Kf2 Ne6 22. h3 f4 23. Bd2 Ke7 24. Bc3 f6 25. Bc2 Rad8 26. b4 Nd4 27. Bxd4 1/2-1/2

[Event "Santiago Endesa 06"]
[Site "Santiago de Chile"]
[Date "2008.06.11"]
[Round "7"]
[White "Abiuso, Diego"]
[Black "Cuevas Araya, Walter"]
[Result "0-1"]
[WhiteElo "2105"]
[BlackElo "2182"]
[PlyCount "38"]
[EventDate "2008.05.19"]
[EventType "tourn"]
[EventRounds "9"]
[EventCountry "CHI"]
[SourceTitle "EXT 2012"]
[Source "ChessBase"]
[SourceDate "2011.11.24"]
[SourceVersion "1"]
[SourceVersionDate "2011.11.24"]
[SourceQuality "1"]

1. d4 Nf6 2. Nf3 g6 3. Bg5 Bg7 4. Bxf6 Bxf6 5. e4 d6 6. Nc3 0-0 7. Bc4 c6 8. Qe2 Nd7 9. e5 d5 10. Bd3 Bg7 11. e6 fxe6 12. Qxe6+ Kh8 13. Qe3 e5 14. Nxe5 Nxe5 15. dxe5 d4 16. Qg3 dxc3 17. bxc3 Qa5 18. f4 Qxc3+ 19. Kf2 Bxe5 0-1

[Event "Santiago Endesa 04"]
[Site "Santiago de Chile"]
[Date "2007.05.13"]
[Round "8"]
[White "Mundaca Alvarez, Juan Carlos"]
[Black "Abiuso, Diego"]
[Result "1-0"]
[WhiteElo "2167"]
[BlackElo "2110"]
[PlyCount "111"]
[EventDate "2007.04.18"]
[EventType "tourn"]
[EventRounds "9"]
[EventCountry "CHI"]
[SourceTitle "EXT 2008"]
[Source "ChessBase"]
[SourceDate "2007.11.25"]
[SourceVersion "1"]
[SourceVersionDate "2007.11.25"]
[SourceQuality "1"]

1. e4 e5 2. Nf3 Nc6 3. Bb5 a6 4. Ba4 Nf6 5. 0-0 Be7 6. Bxc6 dxc6 7. Qe1 Nd7 8. b3 0-0 9. Bb2 Bf6 10. d3 Re8 11. Nbd2 b5 12. Qe3 Nf8 13. a4 Ng6 14. Rfd1 Bb7 15. c4 Qe7 16. c5 Red8 17. axb5 axb5 18. b4 Re8 19. Nb3 Rxa1 20. Rxa1 Qd7 21. Rd1 Qe6 22. Na5 Bc8 23. Qd2 Bd7 24. d4 exd4 25. Bxd4 Bc8 26. e5 Be7 27. Qe3 h6 28. Bc3 Bf8 29. h3 Ne7 30. Qd3 Nd5 31. Nd4 Qg6 32. Naxc6 Qh5 33. Bb2 Nf4 34. Qf3 Qxf3 35. Nxf3 Ne6 36. Na7 Bb7 37. c6 Ba8 38. Bc3 Nd8 39. Nd4 Re7 40. f4 g6 41. Ra1 Re8 42. Ra5 Ne6 43. Naxb5 Nxd4 44. Nxd4 Rd8 45. Kf2 Kg7 46. Ke3 Be7 47. f5 Bg5+ 48. Ke4 Re8 49. e6 gxf5+ 50. Kxf5 fxe6+ 51. Nxe6+ Kf7 52. Nxc7 Re3 53. Nd5 Re8 54. Ra7+ Kf8 55. b5 Bc1 56. Bb4+ 1-0

[Event "Santiago Endesa 04"]
[Site "Santiago de Chile"]
[Date "2007.04.23"]
[Round "2"]
[White "Valenzuela Fuentealba, Luis"]
[Black "Abiuso, Diego"]
[Result "1-0"]
[WhiteElo "2434"]
[BlackElo "2110"]
[PlyCount "29"]
[EventDate "2007.04.18"]
[EventType "tourn"]
[EventRounds "9"]
[EventCountry "CHI"]
[SourceTitle "EXT 2008"]
[Source "ChessBase"]
[SourceDate "2007.11.25"]
[SourceVersion "1"]
[SourceVersionDate "2007.11.25"]
[SourceQuality "1"]

1. d4 d5 2. c4 e6 3. Nc3 Nf6 4. Nf3 Be7 5. Bf4 c5 6. dxc5 Bxc5 7. e3 0-0 8. a3 Nc6 9. cxd5 exd5 10. Be2 a6 11. b4 Ba7 12. b5 Qa5 13. Qd2 Ne4 14. Nxe4 dxe4 15. bxc6 1-0

[Event "CHI-ch "]
[Site "Santiago de Chile"]
[Date "2002.02.13"]
[Round "2"]
[White "Abiuso, Diego"]
[Black "Toloza Soto, Pablo Alejandro"]
[Result "0-1"]
[WhiteElo "2141"]
[BlackElo "2409"]
[PlyCount "52"]
[EventDate "2002.02.12"]
[EventType "swiss"]
[EventRounds "11"]
[EventCountry "CHI"]
[SourceTitle "CBM 086 Extra"]
[Source "ChessBase"]
[SourceDate "2002.03.14"]
[SourceVersion "1"]
[SourceVersionDate "2002.03.14"]
[SourceQuality "1"]

1. d4 Nf6 2. c4 e6 3. Nc3 c5 4. d5 exd5 5. cxd5 d6 6. e4 a6 7. a4 g6 8. Nf3 Bg7 9. h3 0-0 10. Be2 Re8 11. Nd2 Nbd7 12. 0-0 Rb8 13. f4 c4 14. Bxc4 b5 15. axb5 axb5 16. Bd3 b4 17. Na4 Ra8 18. Rb1 Nh5 19. Nf3 Ndf6 20. e5 dxe5 21. fxe5 Nxd5 22. Ng5 Ndf4 23. Rxf4 Nxf4 24. Bxf4 Qd4+ 25. Kh1 Qxf4 26. Nf3 Bb7 0-1